000 005300000a22001810004500
003 MACL
005 20160427112536.0
008 160427b xxu||||| |||| 00| 0 eng d
040 _aMACL
_cMACL
041 _aHindi
082 _a891.433 PRE
100 _aप्रेमचंद
_954219
245 _aदलित जीवन की कहानियॉ
260 _bमनु प्रकाशन
_c2004
_aनई दिल्‍ली
350 _a175
650 _aStories
_954220
942 _cHIN
_k891.433/PRE/S
_2ddc
999 _c18361
_d18361